| 000 | 00574nam a2200217Ia 4500 | ||
|---|---|---|---|
| 003 | 0100 | ||
| 008 | 130303s9999 xx 000 0 und d | ||
| 040 | _cARRUPELIB | ||
| 050 | _aLA631.7.G664 1979 | ||
| 100 | _aGordon, Peter | ||
| 245 | _aPhilosophers as educational reformers | ||
| 245 | _bthe influence of idealism on British educational thought and practice | ||
| 260 | _aLondon | ||
| 260 | _bRoutledge and Kegan Paul | ||
| 260 | _C1979 | ||
| 300 | _axiv | ||
| 300 | _b 314p. 23cm. | ||
| 650 | _bPlato, Philebus | ||
| 700 | _aWhite,John | ||
| 942 |
_2lcc _01 |
||
| 999 |
_c67549 _d67549 |
||